[Event "Mecklenburg VP LL 0910"]
[Site "Mecklenburg VP"]
[Date "2010.03.28"]
[Round "6.2"]
[White "Woller, Roland"]
[Black "Kross, Gunnar"]
[Result "1/2-1/2"]
[WhiteElo "2032"]
[BlackElo "2028"]
[PlyCount "52"]
[EventDate "2009.10.18"]
[EventType "team-tourn"]
[EventRounds "9"]
[EventCountry "GER"]
[SourceTitle "EXT 2016"]
[Source "ChessBase"]
[SourceDate "2015.10.08"]
[SourceVersion "1"]
[SourceVersionDate "2015.10.08"]
[SourceQuality "1"]
[WhiteTeam "Neubrandenburg SG Eintracht"]
[BlackTeam "Grevesmuehlen Blau Weiss"]
[WhiteTeamCountry "GER"]
[BlackTeamCountry "GER"]

1. e4 c6 2. d4 d5 3. Nd2 dxe4 4. Nxe4 Nd7 5. Ng5 Ngf6 6. Bd3 e6 7. N1f3 Bd6 8. Qe2 h6 9. Ne4 Nxe4 10. Qxe4 Qc7 11. Bd2 b6 12. 0-0-0 Bb7 13. Qe2 Nf6 14. c4 0-0-0 15. Ne5 Rhe8 16. f4 c5 17. dxc5 Bxc5 18. Be3 Bd4 19. Bxd4 Rxd4 20. Rhf1 Kb8 21. Bc2 Red8 22. Rxd4 Rxd4 23. b3 Ne8 24. g3 f6 25. Nf3 Bxf3 26. Rxf3 Qd6 1/2-1/2

[Event "Mecklenburg VP LL 0809"]
[Site "Mecklenburg VP"]
[Date "2009.03.29"]
[Round "9.2"]
[White "Leisner, Hannes"]
[Black "Woller, Roland"]
[Result "0-1"]
[WhiteElo "2017"]
[BlackElo "2020"]
[PlyCount "56"]
[EventDate "2008.10.05"]
[EventType "team-tourn"]
[EventRounds "9"]
[EventCountry "GER"]
[SourceTitle "EXT 2022"]
[Source "ChessBase"]
[SourceDate "2021.10.06"]
[SourceVersion "1"]
[SourceVersionDate "2021.10.06"]
[SourceQuality "1"]
[WhiteTeam "Greifswald II"]
[BlackTeam "Neubrandenburg SG Eintracht"]
[WhiteTeamCountry "GER"]
[BlackTeamCountry "GER"]

1. e4 c5 2. Nf3 d6 3. d4 cxd4 4. Nxd4 Nf6 5. Nc3 Nc6 6. Bg5 e6 7. Qd2 Be7 8. 0-0-0 Nxd4 9. Qxd4 0-0 10. f4 Qa5 11. Bc4 h6 12. Bh4 a6 13. Bb3 Rd8 14. Rhf1 b5 15. Kb1 b4 16. Ne2 Qh5 17. Bxf6 Bxf6 18. Qe3 a5 19. e5 dxe5 20. Rxd8+ Bxd8 21. Ng3 Qg4 22. h3 Qg6 23. fxe5 Ba6 24. Rd1 Bb5 25. Qe4 Qxe4 26. Nxe4 Bc6 27. Re1 a4 28. Bc4 Ra5 0-1

[Event "Mecklenburg VP LL 0809"]
[Site "Mecklenburg VP"]
[Date "2008.10.26"]
[Round "2.2"]
[White "Mehl, Ronald"]
[Black "Woller, Roland"]
[Result "1-0"]
[WhiteElo "2036"]
[BlackElo "2020"]
[PlyCount "65"]
[EventDate "2008.10.05"]
[EventType "team-tourn"]
[EventRounds "9"]
[EventCountry "GER"]
[SourceTitle "EXT 2022"]
[Source "ChessBase"]
[SourceDate "2021.10.06"]
[SourceVersion "1"]
[SourceVersionDate "2021.10.06"]
[SourceQuality "1"]
[WhiteTeam "Stralsund FHSG"]
[BlackTeam "Neubrandenburg SG Eintracht"]
[WhiteTeamCountry "GER"]
[BlackTeamCountry "GER"]

1. d4 f5 2. c4 Nf6 3. Nf3 g6 4. Nc3 Bg7 5. Bg5 d6 6. Qc2 Nc6 7. Rd1 0-0 8. g3 h6 9. Bc1 Bd7 10. Bg2 e6 11. 0-0 Qe7 12. e4 e5 13. dxe5 dxe5 14. Nh4 Be8 15. exf5 Nd4 16. Qd3 gxf5 17. Nxf5 Nxf5 18. Qxf5 c6 19. Qh3 Bh5 20. f3 Qc5+ 21. Kh1 e4 22. g4 exf3 23. Bxf3 Bf7 24. Bxh6 Bxc4 25. Bxg7 Kxg7 26. g5 Ng8 27. Rd7+ Rf7 28. Rxf7+ Bxf7 29. Be4 Bg6 30. Bxg6 Kxg6 31. Qe6+ Kh5 32. Qf7+ Kh4 33. Rf4+ 1-0

[Event "Mecklenburg VP LL 0708"]
[Site "Mecklenburg VP"]
[Date "2007.11.04"]
[Round "2.2"]
[White "Woller, Roland"]
[Black "Ruesch, Hans Joachim"]
[Result "0-1"]
[WhiteElo "2039"]
[BlackElo "2024"]
[PlyCount "102"]
[EventDate "2007.10.21"]
[EventType "team-tourn"]
[EventRounds "9"]
[EventCountry "GER"]
[SourceTitle "EXT 2016"]
[Source "ChessBase"]
[SourceDate "2015.10.08"]
[SourceVersion "1"]
[SourceVersionDate "2015.10.08"]
[SourceQuality "1"]
[WhiteTeam "Neubrandenburg SG Eintracht"]
[BlackTeam "Warnemuende SF Ostsee"]
[WhiteTeamCountry "GER"]
[BlackTeamCountry "GER"]

1. e4 g6 2. d4 Bg7 3. Nc3 d6 4. f4 Nc6 5. Be3 Nf6 6. Nf3 0-0 7. Qd2 Ng4 8. Bg1 e5 9. dxe5 dxe5 10. Qxd8 Rxd8 11. h3 Nf6 12. fxe5 Nd7 13. 0-0-0 Ndxe5 14. Nd5 Be6 15. Bh2 Nxf3 16. gxf3 Bxd5 17. exd5 Bh6+ 18. Kb1 Rac8 19. a3 Bf8 20. Bc4 Nb8 21. Be5 Nd7 22. Bc3 Bg7 23. Bxg7 Kxg7 24. Rhe1 Re8 25. Bb5 Rxe1 26. Rxe1 Nb6 27. d6 c6 28. Bd3 Rd8 29. Re7 Rd7 30. b4 Kf6 31. Rxd7 Nxd7 32. c4 Ke5 33. c5 b6 34. Be4 bxc5 35. Bxc6 Kxd6 36. b5 Ne5 37. Bb7 c4 38. Kc2 Kc5 39. a4 f5 40. Kc3 f4 41. Be4 h6 42. h4 g5 43. hxg5 hxg5 44. Bb7 Nd7 45. Bc6 Nf6 46. a5 a6 47. Bb7 axb5 48. a6 b4+ 49. Kc2 Kb6 50. Bc8 Nd5 51. Kd2 Nc7 0-1

[Event "Mecklenburg VP LL 0607"]
[Site "Mecklenburg VP"]
[Date "2007.01.28"]
[Round "5.1"]
[White "Woller, Roland"]
[Black "Seres, Lajos"]
[Result "0-1"]
[WhiteElo "2073"]
[BlackElo "2410"]
[PlyCount "82"]
[EventDate "2006.10.15"]
[EventType "team"]
[EventRounds "9"]
[EventCountry "GER"]
[SourceTitle "EXT 2008"]
[Source "ChessBase"]
[SourceDate "2007.11.25"]
[SourceVersion "1"]
[SourceVersionDate "2007.11.25"]
[SourceQuality "1"]
[WhiteTeam "Neubrandenburg SG Eintracht"]
[BlackTeam "Neukloster"]
[WhiteTeamCountry "GER"]
[BlackTeamCountry "GER"]

1. e4 c5 2. Nf3 d6 3. d4 cxd4 4. Nxd4 Nf6 5. Nc3 a6 6. Bg5 e6 7. f4 Qb6 8. Qd2 Nc6 9. 0-0-0 Bd7 10. Bc4 Nxd4 11. Qxd4 Qxd4 12. Rxd4 Bc6 13. Re1 b5 14. Bb3 Nd7 15. Bd5 Rc8 16. a4 bxa4 17. Bxc6 Rxc6 18. Nxa4 Be7 19. Bxe7 Kxe7 20. Rb4 Rhc8 21. Nc3 Nb6 22. Nd5+ Nxd5 23. exd5 Rxc2+ 24. Kb1 Rxg2 25. dxe6 fxe6 26. Rbe4 Rcc2 27. Rxe6+ Kd7 28. Re7+ Kc6 29. Rc1 Rxc1+ 30. Kxc1 h5 31. h3 h4 32. f5 Kd5 33. Ra7 Rg3 34. Kd2 Ke5 35. Rxa6 Rxh3 36. Ra5+ d5 37. b4 Rb3 38. Ra7 Kf6 39. Rb7 h3 40. Rb8 h2 41. Rh8 Rb1 0-1

[Event "Mecklenburg VP LL 0506"]
[Site "Mecklenburg VP"]
[Date "2006.02.19"]
[Round "7.1"]
[White "Woller, Roland"]
[Black "Stutz, Reno"]
[Result "1-0"]
[WhiteElo "2076"]
[BlackElo "2049"]
[PlyCount "83"]
[EventDate "2005.10.23"]
[EventType "team"]
[EventRounds "9"]
[EventCountry "GER"]
[SourceTitle "EXT 2008"]
[Source "ChessBase"]
[SourceDate "2007.11.25"]
[SourceVersion "1"]
[SourceVersionDate "2007.11.25"]
[SourceQuality "1"]
[WhiteTeam "Neubrandenburg SG Eintracht"]
[BlackTeam "Wismar"]
[WhiteTeamCountry "GER"]
[BlackTeamCountry "GER"]

1. e4 d5 2. exd5 Nf6 3. d4 Nxd5 4. Nf3 Bg4 5. Be2 e6 6. 0-0 Nc6 7. c4 Nb6 8. Nc3 Bxf3 9. Bxf3 Nxc4 10. d5 N6e5 11. dxe6 Qxd1 12. exf7+ Kxf7 13. Bxd1 Bc5 14. Bb3 Rhe8 15. Bf4 Kf8 16. Nd5 Rad8 17. Rac1 c6 18. Ne3 b5 19. Nxc4 bxc4 20. Bxc4 Bd4 21. b3 c5 22. Rc2 h6 23. Bc1 g5 24. h4 Nxc4 25. Rxc4 Re5 26. hxg5 hxg5 27. Rc2 Rde8 28. Ba3 g4 29. g3 Kf7 30. Rfc1 Rh8 31. Bxc5 Reh5 32. Kf1 Rh1+ 33. Ke2 Re8+ 34. Kd3 Rxc1 35. Rxc1 Bb2 36. Rc2 Rd8+ 37. Ke3 Bf6 38. Bxa7 Bg5+ 39. Ke4 Rd7 40. Bb6 Rd6 41. Kf5 Be7 42. Be3 1-0

[Event "Mecklenburg VP LL 0506"]
[Site "Mecklenburg VP"]
[Date "2006.01.29"]
[Round "6.1"]
[White "Schinke, Andreas"]
[Black "Woller, Roland"]
[Result "1/2-1/2"]
[WhiteElo "2045"]
[BlackElo "2076"]
[PlyCount "41"]
[EventDate "2005.10.23"]
[EventType "team"]
[EventRounds "9"]
[EventCountry "GER"]
[SourceTitle "EXT 2008"]
[Source "ChessBase"]
[SourceDate "2007.11.25"]
[SourceVersion "1"]
[SourceVersionDate "2007.11.25"]
[SourceQuality "1"]
[WhiteTeam "Rostock Uni"]
[BlackTeam "Neubrandenburg SG Eintracht"]
[WhiteTeamCountry "GER"]
[BlackTeamCountry "GER"]

1. c4 e5 2. Nc3 Nf6 3. Nf3 Nc6 4. d4 exd4 5. Nxd4 Bb4 6. Bg5 Bxc3+ 7. bxc3 Ne5 8. e3 h6 9. Bh4 Ng6 10. Bg3 d6 11. Be2 0-0 12. Qc2 Re8 13. 0-0 Ne4 14. Rfd1 Nc5 15. Bf3 Bd7 16. Rab1 Rb8 17. Bd5 Ne5 18. Nb3 Ba4 19. Qf5 Bd7 20. Qc2 Ba4 21. Qf5 1/2-1/2

[Event "Mecklenburg VP LL 0506"]
[Site "Mecklenburg VP"]
[Date "2005.12.11"]
[Round "4.1"]
[White "Beerbaum, Joerg"]
[Black "Woller, Roland"]
[Result "1-0"]
[WhiteElo "2127"]
[BlackElo "2076"]
[PlyCount "73"]
[EventDate "2005.10.23"]
[EventType "team"]
[EventRounds "9"]
[EventCountry "GER"]
[SourceTitle "EXT 2008"]
[Source "ChessBase"]
[SourceDate "2007.11.25"]
[SourceVersion "1"]
[SourceVersionDate "2007.11.25"]
[SourceQuality "1"]
[WhiteTeam "Ludwigslust"]
[BlackTeam "Neubrandenburg SG Eintracht"]
[WhiteTeamCountry "GER"]
[BlackTeamCountry "GER"]

1. e4 c5 2. Nf3 d6 3. d4 cxd4 4. Nxd4 Nf6 5. Nc3 Nc6 6. g3 g6 7. Bg2 Bg7 8. Nde2 0-0 9. 0-0 Rb8 10. a4 a6 11. h3 Nb4 12. Be3 b6 13. Qd2 Bb7 14. Rfd1 Nc6 15. Bh6 Na5 16. Bxg7 Kxg7 17. b3 Qc7 18. Nd5 Bxd5 19. exd5 Rfc8 20. Ra2 h6 21. Rb1 Nb7 22. c4 Qd7 23. Nd4 Nc5 24. Qe3 Rb7 25. f4 Re8 26. Kh2 h5 27. f5 a5 28. fxg6 fxg6 29. Re2 Rc7 30. Rbe1 Rcc8 31. Qg5 Nd3 32. Rf1 Ne5 33. Ne6+ Kh7 34. Rxe5 dxe5 35. Be4 Rg8 36. Rxf6 Rg7 37. Rxg6 1-0

[Event "Mecklenburg VP-ch MT"]
[Site "Neubrandenburg"]
[Date "2004.04.06"]
[Round "8"]
[White "Voelschow, Siegfried"]
[Black "Woller, Roland"]
[Result "1/2-1/2"]
[WhiteElo "2055"]
[BlackElo "2126"]
[PlyCount "35"]
[EventDate "2004.04.02"]
[EventType "swiss"]
[EventRounds "9"]
[EventCountry "GER"]
[SourceTitle "EXT 2009"]
[Source "ChessBase"]
[SourceDate "2008.11.26"]
[SourceVersion "1"]
[SourceVersionDate "2008.11.26"]
[SourceQuality "1"]

1. e4 c5 2. c3 d5 3. exd5 Qxd5 4. d4 Nf6 5. Nf3 e6 6. Be2 Be7 7. Na3 0-0 8. 0-0 cxd4 9. Nb5 Qd8 10. Nbxd4 a6 11. Re1 Qc7 12. Bd3 Nbd7 13. Bg5 b5 14. Qe2 Bd6 15. Rad1 Bb7 16. Bc2 Bf4 17. Bb3 Rfe8 18. Bxf4 1/2-1/2

[Event "Mecklenburg VP-ch MT"]
[Site "Neubrandenburg"]
[Date "2004.04.02"]
[Round "1"]
[White "Graffenberger, Martin"]
[Black "Woller, Roland"]
[Result "0-1"]
[WhiteElo "1877"]
[BlackElo "2126"]
[PlyCount "102"]
[EventDate "2004.04.02"]
[EventType "swiss"]
[EventRounds "9"]
[EventCountry "GER"]
[SourceTitle "EXT 2009"]
[Source "ChessBase"]
[SourceDate "2008.11.26"]
[SourceVersion "1"]
[SourceVersionDate "2008.11.26"]
[SourceQuality "1"]

1. g3 d5 2. Bg2 Nf6 3. c4 c6 4. cxd5 cxd5 5. Nc3 Nc6 6. d3 e6 7. Nh3 Bd6 8. 0-0 0-0 9. d4 Qb6 10. e4 dxe4 11. Nxe4 Nxe4 12. Bxe4 f5 13. Bxc6 Qxc6 14. Be3 Qb5 15. Qd2 Bb4 16. Qc2 Be7 17. Rac1 Bd7 18. Qc4 Qxc4 19. Rxc4 Bb5 20. Rc7 Bxf1 21. Kxf1 Bf6 22. Rxb7 Rfb8 23. Rxb8+ Rxb8 24. Nf4 Kf7 25. Nd3 Rd8 26. Ne5+ Bxe5 27. dxe5 a6 28. Ke2 Rd5 29. f4 Ke7 30. Bd2 Kd7 31. Bc3 Kc6 32. a4 Kc5 33. a5 Kc4 34. Kf3 Rd1 35. Kf2 Kd3 36. Kg2 Ke3 37. Bb4 Rc1 38. b3 Rc2+ 39. Kh3 Kf2 40. Kh4 Kg2 41. h3 Kf3 42. Bf8 Rg2 43. Bxg7 Rxg3 44. Bh6 Kg2 45. b4 Rxh3+ 46. Kg5 Rg3+ 47. Kh5 Kf3 48. Kh4 Rg6 49. Kh5 Ke4 50. Bg5 Kd5 51. Be7 Kc4 0-1

[Event "Mecklenburg VP LL 0304"]
[Site "Mecklenburg VP"]
[Date "2004.03.07"]
[Round "7.1"]
[White "Stutz, Reno"]
[Black "Woller, Roland"]
[Result "1/2-1/2"]
[WhiteElo "1997"]
[BlackElo "2116"]
[PlyCount "76"]
[EventDate "2003.09.28"]
[EventType "team-tourn"]
[EventRounds "9"]
[EventCountry "GER"]
[SourceTitle "EXT 2005"]
[Source "ChessBase"]
[SourceDate "2004.11.15"]
[SourceVersion "1"]
[SourceVersionDate "2004.11.15"]
[SourceQuality "1"]
[WhiteTeam "Wismar"]
[BlackTeam "Neubrandenburg"]
[WhiteTeamCountry "GER"]
[BlackTeamCountry "GER"]

1. e4 c5 2. c3 d5 3. exd5 Qxd5 4. d4 Nf6 5. Nf3 e6 6. Bd3 Be7 7. 0-0 0-0 8. Bg5 Rd8 9. c4 Qd6 10. Nc3 cxd4 11. Nb5 Qb6 12. Rc1 Nc6 13. Bxf6 gxf6 14. Qc2 Nb4 15. Bxh7+ Kg7 16. Qe4 f5 17. Bxf5 Bf6 18. Qg4+ Kf8 19. Bb1 a6 20. Na3 Qc5 21. Qf4 Ke7 22. Nc2 Nd3 23. Qd2 Nxc1 24. Rxc1 a5 25. a3 a4 26. Nb4 Bd7 27. Nd3 Qc7 28. Qb4+ Ke8 29. Re1 Ra5 30. Nf4 b6 31. Nd5 Rxd5 32. cxd5 Qc5 33. dxe6 Bxe6 34. Qxa4+ Kf8 35. Bd3 Bd5 36. Nd2 Bxg2 37. Qb4 Bd5 38. Ne4 Bxe4 1/2-1/2

[Event "Mecklenburg VP LL 0304"]
[Site "Mecklenburg VP"]
[Date "2003.12.14"]
[Round "4.1"]
[White "Woller, Roland"]
[Black "Wandel, Bernd"]
[Result "1/2-1/2"]
[WhiteElo "2116"]
[BlackElo "2068"]
[PlyCount "20"]
[EventDate "2003.09.28"]
[EventType "team-tourn"]
[EventRounds "9"]
[EventCountry "GER"]
[SourceTitle "EXT 2005"]
[Source "ChessBase"]
[SourceDate "2004.11.15"]
[SourceVersion "1"]
[SourceVersionDate "2004.11.15"]
[SourceQuality "1"]
[WhiteTeam "Neubrandenburg"]
[BlackTeam "Schwerin SF II"]
[WhiteTeamCountry "GER"]
[BlackTeamCountry "GER"]

1. e4 c6 2. d4 d5 3. Nd2 dxe4 4. Nxe4 Nf6 5. Nxf6+ gxf6 6. c3 Bf5 7. Nf3 e6 8. g3 Qd5 9. Bg2 Qc4 10. Bf1 Qd5 1/2-1/2

[Event "Mecklenburg VP LL 0304"]
[Site "Mecklenburg VP"]
[Date "2003.09.28"]
[Round "1.1"]
[White "Mehl, Ronald"]
[Black "Woller, Roland"]
[Result "1/2-1/2"]
[WhiteElo "2042"]
[BlackElo "2116"]
[PlyCount "58"]
[EventDate "2003.09.28"]
[EventType "team-tourn"]
[EventRounds "9"]
[EventCountry "GER"]
[SourceTitle "EXT 2005"]
[Source "ChessBase"]
[SourceDate "2004.11.15"]
[SourceVersion "1"]
[SourceVersionDate "2004.11.15"]
[SourceQuality "1"]
[WhiteTeam "Stralsund"]
[BlackTeam "Neubrandenburg"]
[WhiteTeamCountry "GER"]
[BlackTeamCountry "GER"]

1. d4 d5 2. c4 c6 3. e3 Nf6 4. Nf3 a6 5. Nbd2 b5 6. cxd5 cxd5 7. Ne5 Bb7 8. Bd3 Nbd7 9. Nxd7 Nxd7 10. f4 e6 11. 0-0 Bd6 12. b3 0-0 13. Bb2 Rc8 14. Rf3 f5 15. a4 b4 16. Qe2 a5 17. Rff1 Nf6 18. Rac1 Qe7 19. Ba6 Ra8 20. Bxb7 Qxb7 21. Rc2 Rac8 22. Rfc1 Rxc2 23. Rxc2 Rb8 24. h3 Bf8 25. g4 Rc8 26. Rxc8 Qxc8 27. g5 Ne4 28. Nxe4 fxe4 29. Kg2 g6 1/2-1/2

[Event "Mecklenburg VP LL 0203"]
[Site "Mecklenburg VP"]
[Date "2003.02.09"]
[Round "6.1"]
[White "Luethke, Hans Eckart"]
[Black "Woller, Roland"]
[Result "1-0"]
[WhiteElo "2175"]
[BlackElo "2102"]
[PlyCount "47"]
[EventDate "2002.10.20"]
[EventType "team-tourn"]
[EventRounds "9"]
[EventCountry "GER"]
[SourceTitle "EXT 2016"]
[Source "ChessBase"]
[SourceDate "2015.10.08"]
[SourceVersion "1"]
[SourceVersionDate "2015.10.08"]
[SourceQuality "1"]
[WhiteTeam "Schwerin SF II"]
[BlackTeam "Neubrandenburg SG Eintracht"]
[WhiteTeamCountry "GER"]
[BlackTeamCountry "GER"]

1. e4 c5 2. Nf3 Nc6 3. Bb5 d6 4. d4 cxd4 5. Qxd4 Bd7 6. Bxc6 Bxc6 7. Nc3 Nf6 8. Bg5 e6 9. 0-0-0 Be7 10. Qd3 0-0 11. Nd4 Qa5 12. f4 Rac8 13. Kb1 Rfe8 14. Rhf1 h6 15. Bxf6 Bxf6 16. f5 Qb4 17. fxe6 fxe6 18. Rxf6 gxf6 19. Qh3 Kh7 20. Nxe6 Bxe4 21. Rd4 Rc4 22. a3 Qb3 23. Rxe4 Rxc3 24. Qf5+ 1-0

[Event "Mecklenburg VP LL 0203"]
[Site "Mecklenburg VP"]
[Date "2002.??.??"]
[Round "1.2"]
[White "Stutz, Reno"]
[Black "Woller, Roland"]
[Result "0-1"]
[WhiteElo "1970"]
[BlackElo "2102"]
[PlyCount "64"]
[EventDate "2002.10.20"]
[EventType "team-tourn"]
[EventRounds "9"]
[EventCountry "GER"]
[SourceTitle "EXT 2016"]
[Source "ChessBase"]
[SourceDate "2015.10.08"]
[SourceVersion "1"]
[SourceVersionDate "2015.10.08"]
[SourceQuality "1"]
[WhiteTeam "Wismar TSG"]
[BlackTeam "Neubrandenburg SG Eintracht"]
[WhiteTeamCountry "GER"]
[BlackTeamCountry "GER"]

1. e4 c5 2. c3 d5 3. exd5 Qxd5 4. d4 Nf6 5. Nf3 e6 6. Be2 Nc6 7. 0-0 cxd4 8. cxd4 Be7 9. Nc3 Qd6 10. Be3 0-0 11. Qd2 b6 12. Rfd1 Nb4 13. Bf4 Qd8 14. Ne5 Bb7 15. Rac1 Rc8 16. a3 Nbd5 17. Nxd5 Nxd5 18. Rxc8 Qxc8 19. Rc1 Qd8 20. Bg3 Bf6 21. Bf3 Bg5 22. Qd1 Bxc1 23. Qxc1 Qc8 24. Qd2 Ne7 25. Bg4 Be4 26. Bd1 Nf5 27. Bf4 Rd8 28. Be3 f6 29. Ng4 Qc4 30. f3 Bb7 31. Be2 Qd5 32. Bf2 Nxd4 0-1

[Event "Mecklenburg VP LL 0102"]
[Site "Mecklenburg VP"]
[Date "2002.??.??"]
[Round "6.3"]
[White "Westphal, Wolfgang"]
[Black "Woller, Roland"]
[Result "1/2-1/2"]
[WhiteElo "2142"]
[BlackElo "2107"]
[PlyCount "174"]
[EventDate "2001.10.07"]
[EventType "team-tourn"]
[EventRounds "9"]
[EventCountry "GER"]
[SourceTitle "EXT 2022"]
[Source "ChessBase"]
[SourceDate "2021.10.06"]
[SourceVersion "1"]
[SourceVersionDate "2021.10.06"]
[SourceQuality "1"]
[WhiteTeam "Schwerin SV Einheit"]
[BlackTeam "Neubrandenburg SG Eintracht"]
[WhiteTeamCountry "GER"]
[BlackTeamCountry "GER"]

1. e4 c5 2. Nf3 Nc6 3. Bb5 d6 4. 0-0 Bd7 5. c3 Nf6 6. Re1 a6 7. Ba4 b5 8. Bc2 Bg4 9. h3 Bxf3 10. Qxf3 g6 11. d3 Bg7 12. Bf4 Nd7 13. Nd2 0-0 14. Nf1 b4 15. Bd2 a5 16. Ba4 Qc7 17. Rac1 Qb6 18. Ne3 Nde5 19. Qe2 Qa6 20. Bxc6 Nxc6 21. Nd5 Ra7 22. f4 Rb7 23. Rc2 Rfb8 24. f5 bxc3 25. bxc3 Ne5 26. d4 Qxe2 27. Rxe2 Nc4 28. dxc5 dxc5 29. Bf4 Be5 30. Bxe5 Nxe5 31. Kh2 a4 32. c4 Kf8 33. Re3 Ra8 34. Ra3 Ra6 35. fxg6 hxg6 36. Nf4 Rb4 37. Nd3 Rxc4 38. Rxc4 Nxc4 39. Rc3 Nd6 40. Nxc5 Ra5 41. e5 Nb5 42. Rd3 Kg7 43. Rd5 e6 44. Rd7 Kg8 45. Ne4 Ra7 46. Rd8+ Kg7 47. Nf6 Nc3 48. h4 Nd5 49. Nxd5 exd5 50. Rxd5 Kf8 51. Kg3 Ke7 52. Rd4 Ra5 53. Kf4 f6 54. exf6+ Kxf6 55. g4 a3 56. Ke3 Re5+ 57. Kd3 Re1 58. Kc2 Rh1 59. g5+ Ke5 60. Rb4 Rh3 61. Rb6 Rh2+ 62. Kc3 Kf5 63. Rf6+ Ke5 64. Rxg6 Rxh4 65. Ra6 Kf5 66. Ra5+ Kg6 67. Rxa3 Kxg5 68. Ra5+ Kf6 69. Rd5 Ke6 70. Rd2 Ke7 71. Kb3 Rh6 72. a4 Rd6 73. Rh2 Kd7 74. Kb4 Kc7 75. a5 Kb7 76. Rh5 Ka6 77. Rh8 Rg6 78. Ra8+ Kb7 79. Rd8 Ka6 80. Rd4 Rh6 81. Rg4 Rf6 82. Rg8 Rf4+ 83. Kc5 Rf5+ 84. Kc6 Rf6+ 85. Kc5 Rf5+ 86. Kb4 Rf4+ 87. Kc3 Kxa5 1/2-1/2

[Event "Mecklenburg VP LL 0102"]
[Site "Mecklenburg VP"]
[Date "2002.??.??"]
[Round "7.3"]
[White "Woller, Roland"]
[Black "Kell, Klaus"]
[Result "1-0"]
[WhiteElo "2107"]
[BlackElo "1947"]
[PlyCount "79"]
[EventDate "2001.10.07"]
[EventType "team-tourn"]
[EventRounds "9"]
[EventCountry "GER"]
[SourceTitle "EXT 2022"]
[Source "ChessBase"]
[SourceDate "2021.10.06"]
[SourceVersion "1"]
[SourceVersionDate "2021.10.06"]
[SourceQuality "1"]
[WhiteTeam "Neubrandenburg SG Eintracht"]
[BlackTeam "Torgelow Greif"]
[WhiteTeamCountry "GER"]
[BlackTeamCountry "GER"]

1. e4 c6 2. d4 d5 3. Nd2 dxe4 4. Nxe4 Nf6 5. Nxf6+ gxf6 6. c3 Bf5 7. Nf3 e6 8. g3 Bd6 9. Bg2 Qc7 10. 0-0 Nd7 11. Nh4 Bg6 12. Be3 0-0-0 13. b4 f5 14. f4 Nf6 15. Qb3 Nd5 16. Bf2 Be7 17. Nxg6 hxg6 18. a4 g5 19. fxg5 Bxg5 20. c4 Ne7 21. b5 f4 22. a5 Qd7 23. a6 b6 24. bxc6 Nxc6 25. Qb5 fxg3 26. hxg3 Nxd4 27. Bb7+ Kb8 28. Qxg5 f6 29. Qf4+ e5 30. Qxf6 Ne2+ 31. Kg2 Qh3+ 32. Kf3 Rhf8 33. Qxf8 Rxf8+ 34. Kxe2 Qg4+ 35. Kd3 Rd8+ 36. Bd5 e4+ 37. Kc3 Qf3+ 38. Kb4 Qe2 39. Bd4 b5 40. Be5+ 1-0

[Event "Mecklenburg VP LL 0102"]
[Site "Mecklenburg VP"]
[Date "2001.10.07"]
[Round "1.3"]
[White "Leisner, Hannes"]
[Black "Woller, Roland"]
[Result "0-1"]
[WhiteElo "1721"]
[BlackElo "2107"]
[PlyCount "68"]
[EventDate "2001.10.07"]
[EventType "team-tourn"]
[EventRounds "9"]
[EventCountry "GER"]
[SourceTitle "EXT 2022"]
[Source "ChessBase"]
[SourceDate "2021.10.06"]
[SourceVersion "1"]
[SourceVersionDate "2021.10.06"]
[SourceQuality "1"]
[WhiteTeam "Schwerin Schachfreunde II"]
[BlackTeam "Neubrandenburg SG Eintracht"]
[WhiteTeamCountry "GER"]
[BlackTeamCountry "GER"]

1. d4 d5 2. c4 c6 3. Nc3 dxc4 4. e4 b5 5. a4 b4 6. Na2 e5 7. Bxc4 Qxd4 8. Qxd4 exd4 9. Nf3 Bc5 10. 0-0 Nf6 11. e5 Nd5 12. h3 Nb6 13. Bb3 Be6 14. Bxe6 fxe6 15. Bd2 a5 16. Nc1 Nc4 17. Nd3 Be7 18. Bg5 Bxg5 19. Nxg5 Ke7 20. Rfc1 Nb6 21. Nc5 N8d7 22. Ngxe6 Nxc5 23. Nxc5 Rhd8 24. Nd3 Rac8 25. Rc5 Rd5 26. Rac1 Rxc5 27. Rxc5 Nd7 28. Rxa5 c5 29. Rb5 b3 30. a5 c4 31. Nc1 Rc5 32. Rxc5 Nxc5 33. Kf1 c3 34. a6 cxb2 0-1

[Event "Mecklenburg VP LL 0102"]
[Site "Mecklenburg VP"]
[Date "2001.10.??"]
[Round "3.3"]
[White "Kiel, Bernd"]
[Black "Woller, Roland"]
[Result "1-0"]
[WhiteElo "1934"]
[BlackElo "2107"]
[PlyCount "65"]
[EventDate "2001.10.07"]
[EventType "team-tourn"]
[EventRounds "9"]
[EventCountry "GER"]
[SourceTitle "EXT 2022"]
[Source "ChessBase"]
[SourceDate "2021.10.06"]
[SourceVersion "1"]
[SourceVersionDate "2021.10.06"]
[SourceQuality "1"]
[WhiteTeam "Guestrow Post"]
[BlackTeam "Neubrandenburg SG Eintracht"]
[WhiteTeamCountry "GER"]
[BlackTeamCountry "GER"]

1. e4 c5 2. c3 d5 3. exd5 Qxd5 4. d4 e6 5. Nf3 Nf6 6. Be2 Be7 7. 0-0 cxd4 8. cxd4 Nc6 9. Nc3 Qd6 10. Nb5 Qd8 11. Be3 0-0 12. Rc1 a6 13. Nc3 b6 14. Ne5 Nxe5 15. dxe5 Nd7 16. f4 Bb7 17. Bf3 Bxf3 18. Qxf3 Qb8 19. Rfd1 Nc5 20. b4 Nb7 21. Rd7 Bxb4 22. Qxb7 Bc5 23. Bxc5 bxc5 24. Rb1 Qc8 25. Ne4 Rb8 26. Qxb8 Qxd7 27. Qd6 Qa4 28. Rb8 Qd4+ 29. Qxd4 cxd4 30. Rxf8+ Kxf8 31. Kf2 Ke7 32. Ke2 f6 33. Kd3 1-0

[Event "Mecklenburg VP-ch MT"]
[Site "Nakenstorf"]
[Date "1999.04.04"]
[Round "9.5"]
[White "Woller, Roland"]
[Black "Westphal, Wolfgang"]
[Result "1-0"]
[WhiteElo "2109"]
[BlackElo "2138"]
[PlyCount "45"]
[EventDate "1999.03.31"]
[EventType "tourn"]
[EventCountry "GER"]
[SourceTitle "EXT 2022"]
[Source "ChessBase"]
[SourceDate "2021.10.06"]
[SourceVersion "1"]
[SourceVersionDate "2021.10.06"]
[SourceQuality "1"]

1. e4 d5 2. exd5 Qxd5 3. Nc3 Qa5 4. d4 c6 5. Bd2 Nf6 6. Bc4 Bf5 7. Nge2 e6 8. Ng3 Bg6 9. h4 h6 10. Nd5 Qd8 11. Nf4 Bh7 12. Qe2 Bd6 13. 0-0-0 Bxf4 14. Bxf4 Nd5 15. Be5 f6 16. Bxb8 Kf7 17. Bxd5 Qxd5 18. c4 Qa5 19. Bd6 Qxa2 20. Ba3 Rhd8 21. Kd2 Rxd4+ 22. Kc3 Bc2 23. Rxd4 1-0